000
00309nam a2200121Ia 4500
008
250327s9999 xx 000 0 und d
020
_a
9781473953246
082
_b
BRA
_a
CQR
100
_a
VIRGINIA BRAUN & VICTORIA CLARKE
_9
34565
245
0
_a
THEMATIC ANALYSIS:A PRACTICAL GUIDE
260
_b
SAGE
942
_c
BK
999
_c
7365
_d
7365